Architektur - Peter Zumthor Alle Werke - Statistiken

Allgemein
  • Dieses Quiz wurde 5 mal gespielt
  • Das Durchschnittsergebnis liegt bei 10 aus 29
Antwortstatistiken
Bildquiz Hint Antwort % Korrekt
1986 Atelier Zumthor
75%
1979-83 Erweiterung Kreisschule Witiwäg
75%
1998-2005 Haus Zumthor
75%
2011-16 Neues Atelier Süsswinkel 17
75%
1989 Caplutta Sogn Benedetg
50%
1990-94 Haus Gugalun
50%
1986 Schutzbauten Welschdörfli
50%
1994-96 Therme Vals
50%
1989-93 Wohnhaus für Betagte
50%
2007 Bruder Klaus Feldkapelle
25%
1987 Casa d'Angel Restaurierung
25%
1981-83 Doppelhaus Räth
25%
1975-76 Haus Dierauer
25%
1997-2002 Haus Luzi
25%
1998-2006 Haus Schwarz, Chur
25%
2011 Hexenmahnmal, Vardø
25%
2000 Klangkörper - Schweizer Pavillon Expo 2000
25%
2003-07 Kolumba Museum
25%
1997 Kunsthaus Bregenz
25%
2009-13 Leiserhäuser
25%
1984 Mehrzweckhalle Malix
25%
1981-90 Renovierung Bündner Kunstmuseum Villa Planta
25%
2010-11 secular retreat
25%
2011 Serpentine Pavillon
25%
2009 Valserrheinbrücke
25%
2013 Werkraum Bregenzerwald
25%
1969-70 Wohnturm Chasti
25%
2001-16 Zinkminenmuseum Sauda
25%
1989-96 Wohnsiedlung Spittelhof
0%
Keine übereinstimmenden Quizze gefunden
Verteilung der Resultate
Anzahl Personen mit jedem Resultat
Perzentil nach korrekt beantworteten Fragen
Ihre Resultats-Entwicklung
Sie haben dieses Quiz noch nicht gespielt